|
|
|
|
| LEADER |
00684nam a22002057a 4500 |
| 003 |
OSt |
| 020 |
|
|
|a 8126205555
|
| 082 |
|
|
|a 813.1
|b HAR/DE
|
| 100 |
|
|
|a Hardy, Thomas
|
| 245 |
|
|
|a ഡി അർബെർ വില്ലയിലെ ടെസ്സ്
|
| 260 |
|
|
|a Thiruvananthapuram
|b Chintha Publishers
|c 2010
|
| 300 |
|
|
|a 416p
|
| 500 |
|
|
|a De urber villayile tess
|
| 534 |
|
|
|n Tess of the d' urbervilles
|
| 546 |
|
|
|a Malayalam
|
| 650 |
|
|
|a Novel
|
| 700 |
|
|
|a Balachandran K P
|
| 942 |
|
|
|2 ddc
|c BK
|
| 999 |
|
|
|c 156940
|d 156940
|
| 952 |
|
|
|0 0
|1 0
|2 ddc
|4 0
|6 813_100000000000000_HARDE
|7 0
|8 Gen
|9 156273
|a KAUCLV
|b KAUCLV
|c GENERAL
|d 2017-07-24
|g 270.00
|o 813.1 HAR/DE
|p 225631
|r 2017-07-24
|w 2017-07-24
|y BK
|